| 000 -LEADER |
| fixed length control field |
01215cam a2200301 ic4500 |
| 001 - CONTROL NUMBER |
| control field |
vtls000191915 |
| 003 - CONTROL NUMBER IDENTIFIER |
| control field |
NUKAT |
| 005 - DATE AND TIME OF LATEST TRANSACTION |
| control field |
20180511125204.0 |
| 008 - FIXED-LENGTH DATA ELEMENTS--GENERAL INFORMATION |
| fixed length control field |
031014s1968 pl a f f |001 0 pol c |
| 035 ## - SYSTEM CONTROL NUMBER |
| System control number |
zz2003872217 |
| 039 #9 - LEVEL OF BIBLIOGRAPHIC CONTROL AND CODING DETAIL [OBSOLETE] |
| Level of rules in bibliographic description |
201605251254 |
| Level of effort used to assign nonsubject heading access points |
vpw |
| Level of effort used to assign subject headings |
201511232218 |
| Level of effort used to assign classification |
kopumk |
| Level of effort used to assign subject headings |
201504230118 |
| Level of effort used to assign classification |
VLOAD |
| Level of effort used to assign subject headings |
201504220136 |
| Level of effort used to assign classification |
VLOAD |
| 040 ## - CATALOGING SOURCE |
| Original cataloging agency |
WA M/ES |
| Transcribing agency |
WA M/ES |
| Modifying agency |
WA M/IW |
| -- |
GL 001/FAK |
| -- |
GL 001/FAN |
| 245 00 - TITLE STATEMENT |
| Title |
Podstawy konstrukcji maszyn. |
| Number of part/section of a work |
Cz. 3 / |
| Statement of responsibility, etc |
J. Dietrych [et al.]. |
| 250 ## - EDITION STATEMENT |
| Edition statement |
Wyd. 2. |
| 260 ## - PUBLICATION, DISTRIBUTION, ETC. (IMPRINT) |
| Place of publication, distribution, etc |
Warszawa : |
| Name of publisher, distributor, etc |
Wydawnictwa Naukowo-Techniczne, |
| Date of publication, distribution, etc |
1968. |
| 300 ## - PHYSICAL DESCRIPTION |
| Extent |
457, [1] s., [1] k. tabl. złoż. : |
| Other physical details |
il. ; |
| Dimensions |
25 cm. |
| 504 ## - BIBLIOGRAPHY, ETC. NOTE |
| Bibliography, etc |
Bibliogr. przy rozdz. Indeks. |
| 521 8# - TARGET AUDIENCE NOTE |
| Target audience note |
Podręcznik dla studentów wydziałów mechanicznych wyższych szkół technicznych, może również służyć jako pomoc dla konstruktorów maszyn. |
| 700 1# - ADDED ENTRY--PERSONAL NAME |
| Personal name |
Dietrych, Janusz |
| Dates associated with a name |
(1907-2001). |
| 710 2# - ADDED ENTRY--CORPORATE NAME |
| Corporate name or jurisdiction name as entry element |
Wydawnictwa Naukowo-Techniczne. |
| Relator code |
pbl |
| 9 (RLIN) |
19 |
| 942 ## - ADDED ENTRY ELEMENTS (KOHA) |
| Source of classification or shelving scheme |
|
| Koha item type |
Książki |